000 01168nam a2200325 a 4500
001 000000795
003 DO-SdBNP
005 20180321145950.0
007 000000795
008 090509s2009 dr a 000 0 spa d
020 _z999341011X
040 _aBPMSU
_bspa
_cBPMSU
082 4 _a923.77293
_bU75C, 2009
100 1 _aCassá, Roberto
_d1948-
245 1 0 _aSalome Ureña :
_bmujer total /
_cRoberto Cassá.
250 _a3a ed.
260 _aSanto Domingo :
_bTobogán,
_c2009
300 _a53 p. :
_bil. ;
_c21 cm.
490 1 _aBiografías dominicanas Topogán
504 _aBibliografía : p. 53
505 0 _tEntre padre poeta y tía maestra --
_tLa revelación del genio --
_tLa temática patriótica --
_tLa poesía íntima --
_tEl Instituto de Señoritas --
_tEl momento lírico.
600 1 4 _aUREÑA DE HENRÍQUEZ, SALOMÉ,
_d1850-1897
830 0 _aBiografías dominicanas Topogán
910 _aValidado. Control de calidad BNPHU
942 _2ddc
_cBK
945 _aRemanejado para la BNPHU / BT
956 _aBTAVAREZ
_b10
_c20090727
_lBND01
_h1435
956 _aMFILETO
_b10
_c20090828
_lBND01
_h1526
956 _aVMATEO
_b10
_c20150501
_lBMET02
_h00151
999 _c7774
_d7774